000 00549nam a22001817a 4500
999 _c172242
_d172242
005 20200130123254.0
010 _aENG-127573
020 _a9789388927406
_c150.00
035 _aEN-111105
037 _bDBAD/PUB
082 _a880.88
100 _aVyas,Namrata
245 _aIdentity Crisis and woman in A Golden age by Tahmima Anam
_cby Vyas, Namrata
260 _aAhmedabad
_bVedant Publication
_c2019
270 _bAhmedabad
_aRajkot, Ahmedabad, Surat
_e360001
300 _a120p.
_b21cm(pbk)
942 _2ddc
_cEN
_h808.88
_mVYA